00358nam a2200133Ia 4500008004000000020001800040082001300058100002300071245004000094250000500134260005500139300000800194650002200202210210b2002 xxu||||| |||| 00| 0 eng d a81 259 0852 8 a825 DEBF aDEBROY (Dipavali). aFamous faces famous speeches. Ed 1. a aNew Delhi.bVikas Publishing House Pvt Ltd.,c2002 a379 aFamous Speeches